Statistics for Marvel Superheroes quiz pt 2

Click here to take the quiz!

General Stats

  • This quiz has been taken 4 times
  • The average score is 2 of 84

Answer Stats

YearHero% Correct
2011Miles Morales
75%
2013Kamala Khan
50%
2016Ironheart
25%
2018Aero
0%
2011Agent Anti Venom
0%
2010Alex Power
0%
2011America Chavez
0%
2014Angela
0%
2010Artie Maddicks
0%
2010Bentley 23
0%
2015Blindspot
0%
2018Brainstorm
0%
2011Broo
0%
2018Cosmic Ghost Rider
0%
2010Dragon Man
0%
2013Egg
0%
2012Eye Boy
0%
2016Falcon Joaquin Torres
0%
2014Frank McGee
0%
2017Fuse
0%
2011Genesis
0%
2016Gwenpool
0%
2014Gwen Stacy
0%
2017Hulkverine
0%
2012Hummingbird
0%
2013Ian Rogers
0%
2014Inferno
0%
2015Iron Patriot
0%
2014Iso
0%
2014Jane Foster
0%
2015Jemma Simmons
0%
2011Kid Gladiator
0%
2010Korr
0%
2015Leo Fitz
0%
2019Luna Snow
0%
2015Melinda May
0%
2010Mik
0%
2012Miss Thing
0%
2016Moon Girl
0%
2013Morph
0%
2016Mosaic
0%
2013Nightmask
0%
2011Nova Sam Alexander
0%
2018Old God
0%
2010Oya
0%
2017Patriot
0%
2012Phil Coulson
0%
2013Pod 2
0%
2018Powerhouse
0%
2010Primal
0%
2011Rachel Alves
0%
2015Red Wolf
0%
2014Robbie Reyes Ghost Rider
0%
2012Sabretooth
0%
2016Scout
0%
2013Scream
0%
2013Shark Girl
0%
2014Silk
0%
2015Singularity
0%
2018Sleeper
0%
2013Smasher
0%
2018Snowguard
0%
2012Sprite Jia Jing
0%
2013Starbrand
0%
2013Sun Girl
0%
2012Superior Spider Man
0%
2018Sword Master
0%
2015Synapse Emily Guerrero
0%
2013Tempus
0%
2012Thori
0%
2010Tong
0%
2010Transonic
0%
2013Triage
0%
2010Troll
0%
2010Turg
0%
2010Velocidad
0%
2010Vil
0%
2016Vivian
0%
2018Voyager
0%
2016Wasp Nadia Van Dyne
0%
2019Wave
0%
2015White Fox
0%
2011White Tiger Ava Ayala
0%
2010Wu
0%

Score Distribution

Percentile by Number Answered

Percent of People with Each Score

Your Score History

You have not taken this quiz